<?xml version="1.0" encoding="UTF-8"?>
<record
    xmlns:xsi="http://www.w3.org/2001/XMLSchema-instance"
    xsi:schemaLocation="http://www.loc.gov/MARC21/slim http://www.loc.gov/standards/marcxml/schema/MARC21slim.xsd"
    xmlns="http://www.loc.gov/MARC21/slim">

  <leader>00709nam a22002177a 4500</leader>
  <controlfield tag="003">DO-SdBNP</controlfield>
  <controlfield tag="005">20221115085017.0</controlfield>
  <controlfield tag="007">ta</controlfield>
  <controlfield tag="008">210915b2018    dr ||||| |||| 00| p spa d</controlfield>
  <datafield tag="040" ind1=" " ind2=" ">
    <subfield code="a">DO-SdBNP</subfield>
    <subfield code="b">spa</subfield>
    <subfield code="c">BNPHU </subfield>
  </datafield>
  <datafield tag="082" ind1=" " ind2="4">
    <subfield code="2">22</subfield>
    <subfield code="b">S684s</subfield>
    <subfield code="a">xxx</subfield>
  </datafield>
  <datafield tag="100" ind1=" " ind2=" ">
    <subfield code="a">Solano P&#xE9;rez, Juan,</subfield>
    <subfield code="9">8296</subfield>
    <subfield code="d">1965</subfield>
  </datafield>
  <datafield tag="245" ind1="1" ind2="3">
    <subfield code="a"> La sombra del tiempo : </subfield>
    <subfield code="b">(poes&#xED;as variadas) /</subfield>
    <subfield code="c">Juan Solano P&#xE9;rez.</subfield>
  </datafield>
  <datafield tag="260" ind1=" " ind2=" ">
    <subfield code="a">Santo Domingo : </subfield>
    <subfield code="b">Soto Castillo, </subfield>
    <subfield code="c">2018.</subfield>
  </datafield>
  <datafield tag="300" ind1=" " ind2=" ">
    <subfield code="a">43 p. ; </subfield>
    <subfield code="c">21 cm. </subfield>
  </datafield>
  <datafield tag="500" ind1=" " ind2=" ">
    <subfield code="a">Incluye datos biogr&#xE1;ficos del autor en la contraportada. </subfield>
  </datafield>
  <datafield tag="590" ind1=" " ind2=" ">
    <subfield code="a">Inventariado, 2022 / YL
</subfield>
  </datafield>
  <datafield tag="590" ind1=" " ind2=" ">
    <subfield code="a">La biblioteca posee 3 ejemplar autografiado por el autor.</subfield>
  </datafield>
  <datafield tag="910" ind1=" " ind2=" ">
    <subfield code="a">YLockward</subfield>
  </datafield>
  <datafield tag="942" ind1=" " ind2=" ">
    <subfield code="2">ddc</subfield>
    <subfield code="c">LF2</subfield>
  </datafield>
  <datafield tag="952" ind1=" " ind2=" ">
    <subfield code="0">0</subfield>
    <subfield code="1">0</subfield>
    <subfield code="2">ddc</subfield>
    <subfield code="5">1</subfield>
    <subfield code="7">0</subfield>
    <subfield code="8">PD-F</subfield>
    <subfield code="a">BNPHU</subfield>
    <subfield code="b">BNPHU</subfield>
    <subfield code="c">CT</subfield>
    <subfield code="d">2018-07-30</subfield>
    <subfield code="e">Juan Solano</subfield>
    <subfield code="l">0</subfield>
    <subfield code="o">S684s xxx</subfield>
    <subfield code="p">2022-5347</subfield>
    <subfield code="r">2022-11-15</subfield>
    <subfield code="w">2022-11-15</subfield>
    <subfield code="y">LF2</subfield>
    <subfield code="z">Autografiado por el autor</subfield>
  </datafield>
  <datafield tag="952" ind1=" " ind2=" ">
    <subfield code="0">0</subfield>
    <subfield code="1">0</subfield>
    <subfield code="2">ddc</subfield>
    <subfield code="5">1</subfield>
    <subfield code="7">0</subfield>
    <subfield code="8">PD-F</subfield>
    <subfield code="a">BNPHU</subfield>
    <subfield code="b">BNPHU</subfield>
    <subfield code="c">CT</subfield>
    <subfield code="d">2018-07-30</subfield>
    <subfield code="e">Juan Solano</subfield>
    <subfield code="l">0</subfield>
    <subfield code="o">S684s xxx</subfield>
    <subfield code="p">2022-5348</subfield>
    <subfield code="r">2022-11-15</subfield>
    <subfield code="t">e. 2</subfield>
    <subfield code="w">2022-11-15</subfield>
    <subfield code="y">LF2</subfield>
    <subfield code="z">Autografiado por el autor</subfield>
  </datafield>
  <datafield tag="952" ind1=" " ind2=" ">
    <subfield code="0">0</subfield>
    <subfield code="1">0</subfield>
    <subfield code="2">ddc</subfield>
    <subfield code="5">6</subfield>
    <subfield code="7">0</subfield>
    <subfield code="8">DS</subfield>
    <subfield code="a">BNPHU</subfield>
    <subfield code="b">BNPHU</subfield>
    <subfield code="c">CT</subfield>
    <subfield code="d">2018-07-30</subfield>
    <subfield code="e">Juan Solano</subfield>
    <subfield code="l">0</subfield>
    <subfield code="o">S684s xxx</subfield>
    <subfield code="p">2022-5349</subfield>
    <subfield code="r">2022-11-15</subfield>
    <subfield code="t">e. 3</subfield>
    <subfield code="w">2022-11-15</subfield>
    <subfield code="y">LF2</subfield>
    <subfield code="z">Autografiado por el autor</subfield>
  </datafield>
  <datafield tag="999" ind1=" " ind2=" ">
    <subfield code="c">52928</subfield>
    <subfield code="d">52928</subfield>
  </datafield>
</record>
